Lessons from aimc4 for cost-effective, fabric-first, low-energy housing (Record no. 115069)
[ view plain ]
| 000 -LEADER | |
|---|---|
| fixed length control field | 00982cam a22002535a 4500 |
| 001 - CONTROL NUMBER | |
| control field | L158003 |
| 008 - FIXED-LENGTH DATA ELEMENTS--GENERAL INFORMATION | |
| fixed length control field | 131008s2013 xxk f 000 0 eng d |
| 020 ## - INTERNATIONAL STANDARD BOOK NUMBER | |
| International Standard Book Number | 9781848063372 |
| 035 ## - SYSTEM CONTROL NUMBER | |
| System control number | (Sirsi) u158003 |
| 041 0# - LANGUAGE CODE | |
| Language code of text/sound track or separate title | eng |
| 100 1# - MAIN ENTRY--PERSONAL NAME | |
| Personal name | Tilford, Adam |
| 245 00 - TITLE STATEMENT | |
| Title | Lessons from aimc4 for cost-effective, fabric-first, low-energy housing |
| Remainder of title | Part 3:Technical development of the designs |
| 260 ## - PUBLICATION, DISTRIBUTION, ETC. | |
| Place of publication, distribution, etc. | Watford |
| Name of publisher, distributor, etc. | BRE |
| Date of publication, distribution, etc. | 2013 |
| 300 ## - PHYSICAL DESCRIPTION | |
| Extent | 12p. |
| Other physical details | ill. |
| Dimensions | 30cm. |
| 490 #0 - SERIES STATEMENT | |
| Series statement | BRE Information Paper |
| Volume/sequential designation | (9/13) |
| 520 ## - SUMMARY, ETC. | |
| Summary, etc. | Focuses on the development of the technical specification for the 17 homes built by the developer partners, from drawing up specific criteria for the materials and products required (including interaction between products), through to the final as-built specification. |
| 521 ## - TARGET AUDIENCE NOTE | |
| Target audience note | Advanced |
| 583 ## - ACTION NOTE | |
| Action | KA |
| 650 24 - SUBJECT ADDED ENTRY--TOPICAL TERM | |
| Topical term or geographic name entry element | LOW ENERGY HOUSING |
| 651 #4 - SUBJECT ADDED ENTRY--GEOGRAPHIC NAME | |
| Geographic name | ENGLAND AND WALES |
| 690 ## - LOCAL SUBJECT ADDED ENTRY--TOPICAL TERM (OCLC, RLIN) | |
| Topical term or geographic name as entry element | AIMC4, LOW ENERGY HOUSING |
| 700 1# - ADDED ENTRY--PERSONAL NAME | |
| Personal name | Gaze, Christopher |
| 942 ## - ADDED ENTRY ELEMENTS (KOHA) | |
| Suppress in OPAC | 0 |
| Withdrawn status | Lost status | Source of classification or shelving scheme | Damaged status | Not for loan | Home library | Current library | Shelving location | Date acquired | Total Checkouts | Full call number | Barcode | Date last seen | Copy number | Price effective from | Koha item type |
|---|---|---|---|---|---|---|---|---|---|---|---|---|---|---|---|
| Dewey Decimal Classification | London | London | BRE publications | 08/10/2013 | BRE | 30075061 | 06/08/2019 | 1 | 06/08/2019 | Book |